[Event "Novokuznetsk op"]
[Site "Novokuznetsk"]
[Date "2011.08.12"]
[Round "2"]
[White "Isupov, Vladimir"]
[Black "Chernov, Mikhail"]
[Result "1/2-1/2"]
[WhiteElo "2411"]
[BlackElo "2141"]
[PlyCount "114"]
[EventDate "2011.08.11"]
[EventType "swiss"]
[EventRounds "9"]
[EventCountry "RUS"]
[SourceTitle "CBM 144 Extra"]
[Source "ChessBase"]
[SourceDate "2011.10.28"]
[SourceVersion "1"]
[SourceVersionDate "2011.10.28"]
[SourceQuality "1"]

1. e4 c5 2. Nf3 Nc6 3. d4 cxd4 4. Nxd4 Nf6 5. Nc3 d6 6. Be2 e5 7. Nf3 h6 8. 0-0 Be7 9. Re1 0-0 10. h3 Be6 11. Bf1 Nb8 12. Nb1 Qc7 13. b3 Qc6 14. Qe2 Rc8 15. c4 b5 16. Na3 b4 17. Nc2 a5 18. g3 Na6 19. Bg2 Nc5 20. Nd2 Qb7 21. Rb1 a4 22. Ne3 Bd7 23. Bb2 Bc6 24. Nf5 Bf8 25. Qf3 Nh7 26. Qe3 Re8 27. f3 Qa7 28. Kh2 Ne6 29. Qd3 Nc5 30. Qc2 g6 31. Ne3 Bg7 32. h4 Nf6 33. Bh3 Bd7 34. Bxd7 Qxd7 35. Rbd1 Qe6 36. Ndf1 h5 37. Nd5 Nxd5 38. Rxd5 axb3 39. axb3 Ra2 40. Red1 Bf8 41. Ra1 Rxa1 42. Bxa1 Ra8 43. Bb2 Bh6 44. Kg2 Ra6 45. Kf2 Qh3 46. Qd1 Ra2 47. Qb1 Ra6 48. Bxe5 Nxe4+ 49. Qxe4 Ra2+ 50. Ke1 dxe5 51. Rd8+ Kh7 52. Ra8 Rb2 53. Ra7 Qg2 54. Rxf7+ Bg7 55. Rxg7+ Kxg7 56. Qxe5+ Kf7 57. Qd5+ Ke7 1/2-1/2

[Event "Kemerovo op 08"]
[Site "Kemerovo"]
[Date "2010.08.21"]
[Round "1"]
[White "Isupov, Vladimir"]
[Black "Zimin, Ivan"]
[Result "1-0"]
[WhiteElo "2407"]
[BlackElo "2086"]
[PlyCount "100"]
[EventDate "2010.08.21"]
[EventType "swiss"]
[EventRounds "9"]
[EventCountry "RUS"]
[SourceTitle "CBM 138 Extra"]
[Source "ChessBase"]
[SourceDate "2010.10.29"]
[SourceVersion "1"]
[SourceVersionDate "2010.10.29"]
[SourceQuality "1"]

1. e4 e5 2. Nf3 Qe7 3. Bc4 h6 4. 0-0 d6 5. d4 c6 6. a4 Be6 7. Nbd2 Nd7 8. Re1 Nb6 9. Bf1 Qc7 10. a5 Nd7 11. h3 Be7 12. c4 Nf8 13. a6 b6 14. d5 Bd7 15. dxc6 Bxc6 16. Nb1 Nf6 17. Nc3 Rc8 18. b3 Ng6 19. Ba3 0-0 20. g3 Rfd8 21. Qd2 Kh7 22. Kh2 Kg8 23. Bg2 Bf8 24. Qd3 Nd7 25. Red1 Nc5 26. Qc2 Nd7 27. Qb1 Nf6 28. Nd2 Be7 29. Nf1 Bd7 30. Ne3 Be6 31. Ra2 Qb8 32. Rad2 Rc6 33. Bb4 Nd7 34. Nf5 Nc5 35. Nb5 Bf8 36. Qa2 Rd7 37. h4 Nh8 38. Bc3 f6 39. b4 Nxa6 40. Qxa6 Bxc4 41. Ne3 Bxb5 42. Qxb5 Rdc7 43. Bb2 Qb7 44. Nd5 Rc8 45. Bh3 Re8 46. Rc1 Rxc1 47. Bxc1 Rb8 48. Rc2 a6 49. Be6+ Kh7 50. Qe2 Nf7 1-0

[Event "Kuzbass-ch op"]
[Site "Kemerovo"]
[Date "2008.11.20"]
[Round "8"]
[White "Konyshev, Artem"]
[Black "Isupov, Vladimir"]
[Result "1-0"]
[WhiteElo "2329"]
[BlackElo "2429"]
[PlyCount "173"]
[EventDate "2008.11.14"]
[EventType "swiss"]
[EventRounds "9"]
[EventCountry "RUS"]
[SourceTitle "EXT 2022"]
[Source "ChessBase"]
[SourceDate "2021.10.06"]
[SourceVersion "1"]
[SourceVersionDate "2021.10.06"]
[SourceQuality "1"]

1. c4 Nf6 2. Nc3 g6 3. d4 Bg7 4. e4 d6 5. Be2 0-0 6. Bg5 c5 7. d5 Qa5 8. Bd2 e6 9. Nf3 exd5 10. exd5 Bg4 11. 0-0 Nbd7 12. Re1 Rfe8 13. h3 Bxf3 14. Bxf3 Rxe1+ 15. Bxe1 Re8 16. Bd2 a6 17. Be2 Qd8 18. Qc2 h5 19. Bf1 Kh7 20. Re1 Rxe1 21. Bxe1 Bh6 22. Be2 Qe7 23. Qb3 Ne5 24. Kf1 Qc7 25. a3 Ned7 26. Qc2 Ne5 27. Ne4 Nxe4 28. Qxe4 f5 29. Qc2 Bg7 30. b4 Bf6 31. Qb3 Kg7 32. f4 Nd7 33. g4 hxg4 34. hxg4 fxg4 35. Bxg4 Bd4 36. Be2 Qd8 37. Qh3 Nf8 38. bxc5 dxc5 39. Bh4 Bf6 40. Bf2 Qd6 41. Qg4 b5 42. f5 bxc4 43. Bxc4 a5 44. fxg6 Bb2 45. a4 Bd4 46. Bxd4+ cxd4 47. Qxd4+ Kxg6 48. Bd3+ Kf7 49. Ke2 Nd7 50. Bb5 Qh2+ 51. Kd3 Qg3+ 52. Kc4 Qd6 53. Bxd7 Qxd7 54. Qf4+ Ke7 55. Qg5+ Kd6 56. Qg3+ Ke7 57. Qa3+ Kf7 58. Qf3+ Ke7 59. Qe4+ Kd6 60. Qf4+ Ke7 61. Qe5+ Kf7 62. Kc5 Qxa4 63. Qe6+ Kg7 64. Qe7+ Kg6 65. d6 Qb4+ 66. Kc6 Qc4+ 67. Kb7 Qb5+ 68. Kc8 Qc6+ 69. Qc7 Qa8+ 70. Qb8 Qc6+ 71. Kd8 a4 72. d7 a3 73. Qg3+ Kf7 74. Qb3+ Qe6 75. Qf3+ Kg7 76. Qg3+ Kf7 77. Qf4+ Kg7 78. Qd4+ Kf7 79. Kc7 Qe7 80. Qf4+ Kg6 81. Qg4+ Kf7 82. Qf5+ Kg7 83. Kc8 a2 84. Qg4+ Kf7 85. Qf3+ Kg6 86. Qg2+ Kh7 87. Qh1+ 1-0

[Event "Kemerovo 90 Anniv"]
[Site "Kemerovo"]
[Date "2008.04.24"]
[Round "9"]
[White "Siuniakov, Igor"]
[Black "Isupov, Vladimir"]
[Result "0-1"]
[WhiteElo "2277"]
[BlackElo "2433"]
[PlyCount "116"]
[EventDate "2008.04.18"]
[EventType "swiss"]
[EventRounds "9"]
[EventCountry "RUS"]
[SourceTitle "EXT 2022"]
[Source "ChessBase"]
[SourceDate "2021.10.06"]
[SourceVersion "1"]
[SourceVersionDate "2021.10.06"]
[SourceQuality "1"]

1. d4 Nf6 2. c4 g6 3. Nf3 Bg7 4. Nc3 d6 5. g3 0-0 6. Bg2 Nc6 7. 0-0 Rb8 8. h3 a6 9. e4 b5 10. cxb5 axb5 11. e5 dxe5 12. dxe5 Qxd1 13. Rxd1 Nd7 14. e6 fxe6 15. Bf4 Nde5 16. Nxe5 Nxe5 17. Rac1 c5 18. Ne4 c4 19. Nc5 Rb6 20. b3 cxb3 21. axb3 Rd6 22. Re1 Nd3 23. Bxd6 Nxe1 24. Bxe7 Re8 25. Ne4 Nxg2 26. Nd6 Nf4 27. gxf4 Rxe7 28. Rxc8+ Bf8 29. Nxb5 Rb7 30. Nd4 Kf7 31. Nf3 Bh6 32. Ne5+ Kg7 33. Rc4 Rxb3 34. Rc7+ Kg8 35. Rc8+ Kg7 36. Rc7+ Kg8 37. Rc8+ Kg7 38. Rc4 Rxh3 39. Ng4 Rh4 40. f3 Bxf4 41. Rxf4 h5 42. Re4 hxg4 43. Rxe6 gxf3 44. Kf2 Rf4 45. Ra6 Kh6 46. Ra1 Kg5 47. Ra5+ Kg4 48. Ra1 g5 49. Rg1+ Kh4 50. Rh1+ Kg4 51. Rg1+ Kh5 52. Ra1 Rf5 53. Rh1+ Kg4 54. Ra1 Rb5 55. Ra2 Kh3 56. Kxf3 g4+ 57. Ke3 g3 58. Kf3 Rf5+ 0-1

[Event "Kemerovo 90 Anniv"]
[Site "Kemerovo"]
[Date "2008.04.20"]
[Round "4"]
[White "Isupov, Vladimir"]
[Black "Kozlov, Vadim1"]
[Result "1-0"]
[WhiteElo "2433"]
[BlackElo "2125"]
[PlyCount "71"]
[EventDate "2008.04.18"]
[EventType "swiss"]
[EventRounds "9"]
[EventCountry "RUS"]
[SourceTitle "EXT 2022"]
[Source "ChessBase"]
[SourceDate "2021.10.06"]
[SourceVersion "1"]
[SourceVersionDate "2021.10.06"]
[SourceQuality "1"]

1. e4 e5 2. Nf3 Nc6 3. Bb5 Nf6 4. d3 Bc5 5. c3 0-0 6. h3 d6 7. Nbd2 Ne7 8. 0-0 Ng6 9. d4 Bb6 10. Re1 Be6 11. Bf1 c6 12. b3 Re8 13. Bb2 Qc7 14. c4 exd4 15. Nxd4 Nd7 16. a3 Rad8 17. b4 Bxd4 18. Bxd4 f6 19. g3 d5 20. exd5 cxd5 21. Rc1 Qb8 22. c5 Nde5 23. b5 Qc8 24. Kh2 Qd7 25. f4 Nc4 26. Nxc4 dxc4 27. Rxe6 Rxe6 28. Bxc4 Kh8 29. c6 bxc6 30. Bxe6 Qxe6 31. bxc6 Qc8 32. c7 Rd7 33. Qa4 Ne7 34. Qxa7 Qe8 35. Re1 Qc8 36. Qb8 1-0

[Event "RUS-chT Clubs sf"]
[Site "Cheliabinsk"]
[Date "2005.01.??"]
[Round "9"]
[White "Isupov, Vladimir"]
[Black "Shaposhnikov, Evgeny"]
[Result "1/2-1/2"]
[WhiteElo "2417"]
[BlackElo "2577"]
[PlyCount "36"]
[EventDate "2005.01.??"]
[EventType "team-tourn"]
[EventRounds "9"]
[EventCountry "RUS"]
[SourceTitle "EXT 2006"]
[Source "ChessBase"]
[SourceDate "2005.11.24"]
[SourceVersion "1"]
[SourceVersionDate "2005.11.24"]
[SourceQuality "1"]

1. e4 c5 2. Nf3 e6 3. d4 cxd4 4. Nxd4 Nc6 5. Nb5 d6 6. c4 Nf6 7. N1c3 a6 8. Na3 b6 9. Be2 Bb7 10. Be3 Be7 11. 0-0 Nb8 12. f3 Nbd7 13. Qd2 0-0 14. Rfd1 Qc7 15. Kh1 Rfe8 16. Rac1 Rac8 17. Bf1 Qb8 18. Bg1 h6 1/2-1/2

[Event "RUS-chT Clubs sf"]
[Site "Cheliabinsk"]
[Date "2005.01.??"]
[Round "8"]
[White "Lysyj, Igor"]
[Black "Isupov, Vladimir"]
[Result "1-0"]
[WhiteElo "2474"]
[BlackElo "2417"]
[PlyCount "45"]
[EventDate "2005.01.??"]
[EventType "team-tourn"]
[EventRounds "9"]
[EventCountry "RUS"]
[SourceTitle "EXT 2006"]
[Source "ChessBase"]
[SourceDate "2005.11.24"]
[SourceVersion "1"]
[SourceVersionDate "2005.11.24"]
[SourceQuality "1"]

1. d4 Nf6 2. Nf3 g6 3. c4 Bg7 4. Nc3 0-0 5. e4 d6 6. h3 e5 7. d5 Na6 8. Be3 Kh8 9. g4 Nc5 10. Nd2 a5 11. Be2 Bd7 12. h4 Qc8 13. Rg1 h6 14. g5 hxg5 15. hxg5 Nh7 16. Nf3 a4 17. Rh1 Kg8 18. Kd2 f6 19. Qg1 fxg5 20. Nxg5 Nxg5 21. Qxg5 Rf6 22. Rag1 Qf8 23. Qh4 1-0

[Event "RUS-chT2"]
[Site "Novokuznetsk"]
[Date "2003.??.??"]
[Round "3"]
[White "Isupov, Vladimir"]
[Black "Iskusnyh, Sergei"]
[Result "1/2-1/2"]
[WhiteElo "2407"]
[BlackElo "2496"]
[PlyCount "60"]
[EventDate "2003.??.??"]
[EventType "team"]
[EventRounds "9"]
[EventCountry "RUS"]
[SourceTitle "EXT 2005"]
[Source "ChessBase"]
[SourceDate "2004.11.15"]
[SourceVersion "1"]
[SourceVersionDate "2004.11.15"]
[SourceQuality "1"]

1. e4 c5 2. Nf3 Nc6 3. d4 cxd4 4. Nxd4 Nf6 5. Nc3 d6 6. Be2 e5 7. Nf3 h6 8. 0-0 Be7 9. Re1 0-0 10. h3 a6 11. Bf1 Qc7 12. Be3 b5 13. a4 b4 14. Nd5 Nxd5 15. exd5 Na5 16. Bd2 Nc4 17. Bxb4 Nxb2 18. Qc1 Nc4 19. Bxc4 Qxc4 20. Nxe5 Qxd5 21. Qd1 Qxd1 22. Raxd1 Bf5 23. Nc6 Bf6 24. Bxd6 Rfc8 25. Ne7+ Bxe7 26. Bxe7 Rxc2 27. Rd8+ Rxd8 28. Bxd8 Rc8 29. Bb6 Be6 30. a5 Bc4 1/2-1/2

[Event "RUS-chT2"]
[Site "Novokuznetsk"]
[Date "2003.??.??"]
[Round "2"]
[White "Kornienko, Sergey"]
[Black "Isupov, Vladimir"]
[Result "1-0"]
[WhiteElo "2192"]
[BlackElo "2407"]
[PlyCount "68"]
[EventDate "2003.??.??"]
[EventType "team"]
[EventRounds "9"]
[EventCountry "RUS"]
[SourceTitle "EXT 2005"]
[Source "ChessBase"]
[SourceDate "2004.11.15"]
[SourceVersion "1"]
[SourceVersionDate "2004.11.15"]
[SourceQuality "1"]

1. d4 Nf6 2. c4 g6 3. Nc3 Bg7 4. e4 d6 5. Nf3 0-0 6. Be2 e5 7. 0-0 Na6 8. Re1 c6 9. d5 Nc5 10. Bf1 a5 11. b3 Bd7 12. Ba3 Qb6 13. h3 Rfc8 14. Rc1 Bf8 15. Qd2 Rab8 16. Qe3 cxd5 17. Nxd5 Qd8 18. Nxf6+ Qxf6 19. Red1 b6 20. Bxc5 bxc5 21. a4 h5 22. Rd3 Rb6 23. Rcd1 Rcb8 24. Rc3 Bc6 25. g3 Qe7 26. Bg2 Qb7 27. Nd2 Kh7 28. g4 Bh6 29. g5 Bg7 30. h4 Qe7 31. Rd3 f6 32. Nf3 Bd7 33. Qd2 Bf8 34. gxf6 Qxf6 1-0

[Event "RUS-chT (club)"]
[Site "Novokuznetsk"]
[Date "1999.??.??"]
[Round "?"]
[White "Isupov, Vladimir"]
[Black "Fominyh, Alexander"]
[Result "1/2-1/2"]
[WhiteElo "2405"]
[BlackElo "2552"]
[PlyCount "91"]
[EventDate "1999.??.??"]
[EventType "team-tourn"]
[EventRounds "11"]
[EventCountry "RUS"]
[SourceTitle "EXT 2001"]
[Source "ChessBase"]
[SourceDate "2000.11.22"]
[SourceVersion "1"]
[SourceVersionDate "2000.11.22"]
[SourceQuality "1"]

1. e4 c5 2. Nf3 Nc6 3. d4 cxd4 4. Nxd4 e6 5. Nc3 Qc7 6. Be2 a6 7. 0-0 Bc5 8. Nb3 Be7 9. Be3 b5 10. f4 d6 11. Kh1 Nf6 12. a3 0-0 13. Qe1 Bb7 14. Qg3 b4 15. axb4 Nxb4 16. f5 Kh8 17. fxe6 Nxc2 18. Rac1 Nxe3 19. Qxe3 Qd8 20. Nd4 Qb6 21. exf7 Rxf7 22. Nf5 Qxe3 23. Nxe3 Rff8 24. Ncd5 Nxd5 25. Nxd5 Rxf1+ 26. Rxf1 Bxd5 27. exd5 Bf6 28. b4 Rb8 29. Bxa6 Rxb4 30. Bc8 h5 31. g3 Kh7 32. Kg2 Bd4 33. h4 Rb2+ 34. Kh3 g6 35. Be6 Be5 36. Rf3 Kh6 37. Bg8 Bd4 38. Rf1 Be5 39. Rf3 Rb1 40. Rf7 Bg7 41. Re7 Rb8 42. Bf7 Rf8 43. Be8 Be5 44. Re6 Rf6 45. Kg2 Kg7 46. Rxf6 1/2-1/2

[Event "RUS-ch sf"]
[Site "Novosibirsk"]
[Date "1999.??.??"]
[Round "6"]
[White "Isupov, Vladimir"]
[Black "Kravtsov, Sergey"]
[Result "1-0"]
[WhiteElo "2405"]
[BlackElo "2438"]
[PlyCount "57"]
[EventDate "1999.??.??"]
[EventType "swiss"]
[EventRounds "9"]
[EventCountry "RUS"]
[SourceTitle "EXT 2000"]
[Source "ChessBase"]
[SourceDate "1999.11.16"]
[SourceVersion "1"]
[SourceVersionDate "1999.11.16"]
[SourceQuality "1"]

1. e4 Nf6 2. e5 Nd5 3. d4 d6 4. Nf3 Nc6 5. c4 Nb6 6. e6 fxe6 7. Nc3 e5 8. d5 Nd4 9. Nxd4 exd4 10. Qxd4 e5 11. Qd1 Bf5 12. Be3 Be7 13. h4 h5 14. g3 Qd7 15. a4 Qc8 16. Be2 Bg6 17. Kf1 Nd7 18. Bd3 Bxd3+ 19. Qxd3 0-0 20. Ne4 Nf6 21. Ng5 Qg4 22. Kg2 e4 23. Qd4 Rae8 24. Rae1 Bd8 25. Bf4 Nd7 26. Rxe4 Bf6 27. Qe3 Rxe4 28. Qxe4 Ne5 29. Qh7# 1-0

[Event "RUS-ch sf"]
[Site "Novosibirsk"]
[Date "1999.??.??"]
[Round "7"]
[White "Isupov, Vladimir"]
[Black "Tolstikh, Nikolay"]
[Result "1/2-1/2"]
[WhiteElo "2405"]
[BlackElo "2405"]
[PlyCount "58"]
[EventDate "1999.??.??"]
[EventType "swiss"]
[EventRounds "9"]
[EventCountry "RUS"]
[SourceTitle "EXT 2000"]
[Source "ChessBase"]
[SourceDate "1999.11.16"]
[SourceVersion "1"]
[SourceVersionDate "1999.11.16"]
[SourceQuality "1"]

1. e4 c5 2. Nf3 Nc6 3. d4 cxd4 4. Nxd4 Nf6 5. Nc3 e5 6. Ndb5 d6 7. Bg5 a6 8. Na3 b5 9. Nd5 Be7 10. Bxf6 Bxf6 11. c3 0-0 12. Nc2 Bb7 13. a4 bxa4 14. Rxa4 a5 15. Nce3 Bg5 16. Bb5 Ne7 17. 0-0 Rb8 18. Nxe7+ Qxe7 19. Nd5 Bxd5 20. Qxd5 Qb7 21. Qxb7 Rxb7 22. Rxa5 Bd8 23. Bc6 Rxb2 24. Rd5 Bc7 25. g3 f5 26. exf5 Rxf5 27. Rb5 Rxb5 28. Bxb5 e4 29. Bc6 Re5 1/2-1/2

[Event "RUS-chT (club)"]
[Site "Novokuznetsk"]
[Date "1999.??.??"]
[Round "?"]
[White "Sitnikov, Dmitrij"]
[Black "Isupov, Vladimir"]
[Result "1/2-1/2"]
[WhiteElo "2349"]
[BlackElo "2405"]
[PlyCount "33"]
[EventDate "1999.??.??"]
[EventType "team-tourn"]
[EventRounds "11"]
[EventCountry "RUS"]
[SourceTitle "EXT 2001"]
[Source "ChessBase"]
[SourceDate "2000.11.22"]
[SourceVersion "1"]
[SourceVersionDate "2000.11.22"]
[SourceQuality "1"]

1. e4 c5 2. Nf3 d6 3. Bc4 Nf6 4. d3 Nc6 5. c3 g6 6. Bb3 h6 7. 0-0 Bg7 8. Re1 0-0 9. h3 e5 10. Nbd2 Be6 11. Nc4 Kh7 12. Be3 Qc7 13. Ncd2 Bxb3 14. Qxb3 Rfe8 15. Qc2 Rac8 16. a3 b6 17. c4 1/2-1/2

[Event "RUS-ch sf"]
[Site "Novosibirsk"]
[Date "1998.??.??"]
[Round "?"]
[White "Demina, Julia"]
[Black "Isupov, Vladimir"]
[Result "1/2-1/2"]
[WhiteElo "2355"]
[BlackElo "2365"]
[PlyCount "37"]
[EventDate "1998.??.??"]
[EventType "swiss"]
[EventRounds "9"]
[EventCountry "RUS"]
[SourceTitle "EXT 2000"]
[Source "ChessBase"]
[SourceDate "1999.11.16"]
[SourceVersion "1"]
[SourceVersionDate "1999.11.16"]
[SourceQuality "1"]

1. d4 Nf6 2. g3 g6 3. Bg2 Bg7 4. e4 d6 5. Nc3 0-0 6. Nge2 e5 7. h3 c6 8. a4 Nbd7 9. 0-0 Qc7 10. Be3 b6 11. f4 exd4 12. Bxd4 h5 13. Qd2 Bb7 14. Rae1 Rae8 15. Nc1 a6 16. Kh1 Re7 17. Re2 Rfe8 18. Rfe1 Bh6 19. Nd3 1/2-1/2

[Event "Prokojevsk"]
[Site "Prokojevsk"]
[Date "1998.??.??"]
[Round "5"]
[White "Isupov, Vladimir"]
[Black "Belkin, Andr"]
[Result "0-1"]
[WhiteElo "2365"]
[BlackElo "2410"]
[PlyCount "104"]
[EventDate "1998.??.??"]
[EventType "tourn"]
[EventRounds "13"]
[EventCountry "UZB"]
[SourceTitle "EXT 2001"]
[Source "ChessBase"]
[SourceDate "2000.11.22"]
[SourceVersion "1"]
[SourceVersionDate "2000.11.22"]
[SourceQuality "1"]

1. e4 e6 2. d4 d5 3. Nd2 Nf6 4. e5 Nfd7 5. Bd3 c5 6. c3 Nc6 7. Ne2 cxd4 8. cxd4 Nb6 9. 0-0 Be7 10. Nf3 a5 11. Nf4 g6 12. a4 Nb4 13. Bb1 Bd7 14. Ne2 h6 15. b3 Nc8 16. Nc3 Na7 17. Qd2 Qb6 18. h4 0-0-0 19. Qd1 Rdg8 20. g3 Kb8 21. Be3 g5 22. h5 Rc8 23. Ne2 Nac6 24. Nh2 f5 25. exf6 Bxf6 26. Ng4 Bg7 27. Kg2 Ne7 28. f4 gxf4 29. Bxf4+ Ka8 30. Be5 Bxe5 31. Nxe5 Be8 32. Nf4 Nf5 33. Bxf5 exf5 34. Rf2 Rg8 35. Neg6 Rc3 36. Rb1 Bxg6 37. hxg6 Rxg6 38. Nxg6 Qxg6 39. Rf3 Rc2+ 40. Rf2 f4 41. Rxc2 Nxc2 42. Kg1 Qxg3+ 43. Kh1 Qh3+ 44. Kg1 Qe3+ 45. Kh1 Qe4+ 46. Kh2 Nxd4 47. Rb2 f3 48. Qd2 Qh4+ 49. Kg1 Ne2+ 50. Kf1 Ng3+ 51. Kg1 Qh1+ 52. Kf2 Ne4+ 0-1

[Event "RUS-ch sf"]
[Site "Novosibirsk"]
[Date "1998.??.??"]
[Round "?"]
[White "Isupov, Vladimir"]
[Black "Kargin, Arseny"]
[Result "1-0"]
[WhiteElo "2365"]
[BlackElo "2285"]
[PlyCount "55"]
[EventDate "1998.??.??"]
[EventType "swiss"]
[EventRounds "9"]
[EventCountry "RUS"]
[SourceTitle "EXT 2000"]
[Source "ChessBase"]
[SourceDate "1999.11.16"]
[SourceVersion "1"]
[SourceVersionDate "1999.11.16"]
[SourceQuality "1"]

1. e4 c5 2. Nf3 d6 3. d4 cxd4 4. Nxd4 Nf6 5. Nc3 g6 6. Be3 Bg7 7. f3 0-0 8. Qd2 Nc6 9. 0-0-0 Nxd4 10. Bxd4 Be6 11. Kb1 Qc7 12. h4 Rfc8 13. h5 Qa5 14. h6 Bh8 15. a3 Nd7 16. f4 f5 17. Re1 Qd8 18. Bxh8 Kxh8 19. Qd4+ Nf6 20. exf5 Bxf5 21. Bd3 Bxd3 22. cxd3 Rc5 23. Re6 Qf8 24. b4 Qf7 25. Rhe1 Re5 26. R1xe5 dxe5 27. Qxe5 Rc8 28. Nd5 1-0

[Event "Prokojevsk2"]
[Site "Prokojevsk"]
[Date "1998.??.??"]
[Round "?"]
[White "Isupov, Vladimir"]
[Black "Karpov, Alexander"]
[Result "1-0"]
[WhiteElo "2365"]
[BlackElo "2370"]
[PlyCount "89"]
[EventDate "1998.??.??"]
[EventType "tourn"]
[EventRounds "11"]
[EventCountry "UZB"]
[SourceTitle "EXT 2001"]
[Source "ChessBase"]
[SourceDate "2000.11.22"]
[SourceVersion "1"]
[SourceVersionDate "2000.11.22"]
[SourceQuality "1"]

1. e4 e5 2. Nf3 Nc6 3. Bb5 a6 4. Ba4 Nf6 5. 0-0 Be7 6. Re1 b5 7. Bb3 d6 8. c3 0-0 9. h3 Nd7 10. d4 Nb6 11. Be3 Bf6 12. Nbd2 Re8 13. Bc2 Bb7 14. Rc1 b4 15. d5 bxc3 16. bxc3 Na5 17. Rb1 Rb8 18. Qe2 Bc8 19. Rb2 Nd7 20. Rxb8 Nxb8 21. Rb1 Nb7 22. Ba4 Rf8 23. Rb4 a5 24. Rb2 Nd7 25. Bc6 Ndc5 26. Bxc5 Nxc5 27. Nb3 Ba6 28. c4 Nxb3 29. Rxb3 Be7 30. Qc2 g6 31. Ra3 Qb8 32. Rxa5 Qb6 33. Ra3 f5 34. Qb3 Bxc4 35. Qxc4 Qb1+ 36. Kh2 fxe4 37. Nd2 Qb2 38. Qc3 Qxc3 39. Rxc3 Rxf2 40. Nxe4 Rxa2 41. Bd7 Re2 42. Be6+ Kf8 43. Rf3+ Ke8 44. Nf6+ Kd8 45. Ng8 1-0